France ou Suisse ? (-az) - Statistiques

Statistiques générales
  • Ce quiz a été pris 37 fois
  • Le résultat moyen est 19 sur 36
Statistiques - réponses
Hint Réponse % Correct
Arbaz Suisse
77%
Avoriaz France
71%
La Clusaz France
66%
Noréaz Suisse
66%
Dorénaz Suisse
63%
Sévaz Suisse
63%
Penthaz Suisse
63%
Ropraz Suisse
63%
Riaz Suisse
60%
Illarsaz Suisse
60%
Vionnaz Suisse
60%
Evionnaz Suisse
57%
Mauraz Suisse
57%
Channaz France
54%
Saubraz Suisse
54%
Verossaz Suisse
54%
Ordonnaz France
51%
La Vernaz France
51%
Lompnaz France
49%
Saunaz France
49%
Chessenaz France
49%
Sermenaz France
49%
Seillonnaz France
49%
Lovettaz France
46%
Barberaz France
46%
Outriaz France
43%
La Muraz France
43%
Marcellaz France
43%
La Giettaz France
43%
Drumettaz France
43%
Athenaz Suisse
43%
Cerniaz Suisse
43%
Saraz France
40%
La Forclaz France
40%
La Folliaz Suisse
40%
Moillesulaz France
34%
Aucun quiz correspondant
Distribution des résultats
% des personnes avec chaque résultat
Percentile par nombre de réponses
Votre historique - résultats
Vous n’avez pas pris ce quiz